Prague - Tram Stops With a Map - Statistics

General Stats
  • This quiz has been taken 1,042 times
  • The average score is 102 of 289
Answers on the Map
Answers color-coded by a green-red scale on the quiz's map according to % correct below.
 
Answer Stats
Tram stop Tram lines % Correct
Anděl 4, 5, 7, 9, 10, 12, 15, 16, 20, 21
79%
Malostranská 2, 12, 15, 18, 20, 22, 23
76%
I. P. Pavlova 4, 6, 10, 11, 13, 16, 22, 23
74%
Národní třída 2, 9, 18, 22, 23
72%
Karlovo náměstí 2, 3, 4, 6, 10, 14, 16, 18, 22, 23, 24
71%
Náměstí Míru 4, 10, 13, 16, 22
71%
Hradčanská 1, 2, 8, 18, 20, 25, 26
70%
Národní divadlo 2, 9, 17, 18, 22, 23
70%
Hlavní nádraží 5, 9, 15, 26
69%
Dejvická 20, 26
68%
Smíchovské nádraží 4, 5, 12, 20
67%
Václavské náměstí 3, 5, 6, 9, 14, 24
67%
Florenc 3, 8, 24
66%
Flora 10, 11, 13, 15, 16
65%
Náměstí Republiky 6, 8, 15, 26
65%
Staroměstská 2, 17, 18
65%
Nádraží Holešovice 6, 12, 17
64%
Sparta 1, 8, 12, 25, 26
64%
Muzeum 11, 13
62%
Masarykovo nádraží 3, 6, 14, 15, 24, 26
60%
Újezd 9, 12, 15, 20, 22, 23
60%
Strossmayerovo náměstí 1, 6, 8, 12, 17, 25, 26
59%
Vltavská 1, 12, 14, 25
59%
Lazarská 3, 5, 6, 9, 14, 24
58%
Malostranské náměstí 12, 15, 20, 22, 23
58%
Palackého náměstí 2, 3, 4, 7, 10, 16, 17, 21
58%
Palmovka 1, 3, 6, 8, 10, 14, 19, 24, 25
58%
Kobylisy 3, 10, 17, 24
57%
Pankrác 19
57%
Bílá Hora 22, 25
56%
Strašnická 7, 19, 26
56%
Invalidovna 3, 8, 24
54%
Pražský hrad 22, 23
54%
Radlická 7, 21
54%
Želivského 10, 11, 16, 19, 26
54%
Albertov 7, 14, 18, 24
53%
Bílá labuť 3, 8, 14, 24
53%
Bořislavka 20, 26
53%
Jindřišská 3, 5, 6, 9, 14, 24
53%
Náměstí Bratří Synků 11, 14, 18, 19, 24
53%
Sídliště Barrandov 4, 5, 12, 20
53%
Arbesovo náměstí 9, 12, 15, 20
52%
Jiřího z Poděbrad 11, 13
52%
Křižíkova 3, 8, 24
52%
Nádraží Veleslavín 20, 26
52%
Petřiny 1, 2
52%
Výstaviště 6, 12, 17
52%
Divoká Šárka 20, 26
51%
Nádraží Podbaba 8, 18
51%
Sídliště Řepy 9, 10, 16
51%
Depo Hostivař 7, 16
50%
Výtoň 2, 3, 7, 17, 21
50%
Letenské náměstí 1, 8, 12, 25, 26
49%
Motol 9, 10, 16
49%
Olšanské hřbitovy 10, 11, 13, 15, 16
49%
Štěpánská 4, 6, 10, 16, 22, 23
49%
Vítězné náměstí 8, 18, 20, 26
49%
Čechův most 15, 17
48%
Švandovo divadlo 9, 12, 15, 20
48%
Vodičkova 3, 5, 6, 9, 14, 24
48%
Dědina 20, 26
47%
Hellichova 12, 15, 20, 22, 23
47%
Ruská 4, 13, 22
47%
Spojovací 1, 9, 11
47%
Viktoria Žižkov 5, 9, 15, 26
47%
Vypich 22, 25
47%
Vysočanská 6, 19
47%
Dlouhá třída 6, 8, 15, 26
46%
Koh-i-noor 4, 6, 7, 19, 22
46%
Nádraží Braník 2, 3, 17, 21
46%
Na Knížecí 4, 5, 12, 20
46%
Právnická fakulta 17
46%
Karlovy lázně 2, 17, 18
45%
Chotkovy sady 2, 12, 18, 20
44%
Krymská 4, 13, 22
44%
Libuš 17
44%
Moráň 2, 3, 4, 10, 14, 16, 18, 24
44%
Nádraží Hostivař 22, 26
44%
Nákladové nádraží Žižkov 5, 9, 10, 11, 19, 26
44%
Hloubětín 19, 25
43%
Sídliště Petřiny 1, 2
43%
Zahradní Město 22, 26
43%
Čechovo náměstí 4, 13, 22
42%
Dělnická 1, 6, 12, 14, 25
42%
Kubánské náměstí 4, 6, 7, 19, 22
42%
Ládví 10
42%
Libeňský most 1, 6, 14, 25
42%
Lihovar 4, 5, 12, 20
42%
Nábřeží Kapitána Jaroše 6, 8, 17, 26
42%
Nádraží Vršovice 6, 7, 19
42%
Prašný most 1, 2, 25
42%
Pražského povstání 18, 19
42%
Slivenec 4, 5
42%
Novoměstská radnice 2, 3, 6, 14, 18, 22, 23, 24
41%
Štvanice 14
41%
Vozovna Střešovice 1, 2, 25
41%
Bohemians 6, 7, 19
40%
Jiráskovo náměstí 5, 17
40%
Kamenická 1, 8, 12, 25, 26
40%
Karlínské náměstí 3, 8, 24
40%
Nádraží Libeň 8, 25
40%
Olšanské náměstí 5, 9, 15, 26
40%
Sídliště Modřany 3, 17, 21
40%
Spořilov 11, 14
40%
Holešovická tržnice 1, 12, 14, 25
39%
Malovanka 22, 23, 25
39%
Slavia - Nádraží Eden 4, 6, 7, 19, 22
39%
Vozovna Kobylisy 17, 24
39%
Vozovna Pankrác 18
39%
Hlubočepy 4, 5, 12, 20
38%
Italská 11, 13
38%
Kolbenova 19
38%
Lehovec 19, 25
38%
Lotyšská 8, 18
38%
Zborovská 4, 5, 7, 10, 16, 21
38%
Botanická zahrada 14, 18, 24
37%
Jana Masaryka 4, 13, 22
37%
Královský letohrádek 22, 23
37%
Podolská vodárna 2, 3, 17, 21
37%
Zelená 8, 18
37%
Divadlo Na Fidlovačce 7, 14, 18, 24
36%
Kotlářka 9, 10, 15, 16
36%
Krematorium Motol 9, 10, 16
36%
Nuselské schody 6, 11
36%
Pohořelec 22, 23
36%
Vozovna Žižkov 1, 5, 9, 11
36%
Geologická 4, 5, 12, 20
35%
Korunovační 1, 8, 12, 25, 26
35%
Ohrada 1, 5, 9, 11
35%
Olšanská 5, 9, 26
35%
Sídliště Ďáblice 10
35%
Trojská 17
35%
Červený Vrch 20, 26
34%
Krejcárek 1, 10, 19
34%
Myslíkova 5
34%
Veletržní palác 6, 17
34%
Balabenka 6, 8, 19, 25
33%
Biskupcova 5, 9, 10, 11, 19
33%
Břevnovský klášter 22, 25
33%
Bruselská 6, 11, 23
33%
Divadlo Gong 6, 19
33%
Holyně 4, 5
33%
Lipanská 5, 9, 15, 26
33%
Mezi Hřbitovy 10, 11, 19, 26
33%
Nádraží Zahradní Město 22, 26
33%
Thákurova 20, 26
33%
Zlíchov 4, 5, 12, 20
33%
Baterie 1, 2
32%
Bertramka 9, 10, 15, 16
32%
Brusnice 22, 23
32%
Chaplinovo náměstí 4, 5, 12, 20
32%
Plzeňka 4, 5, 12, 20
32%
Urxova 3, 8, 24
32%
Ústřední dílny DP 16
32%
Vinohradská vodárna 10, 16
32%
Vozovna Vokovice 20, 26
32%
Maniny 1, 6, 14, 25
31%
Ortenovo náměstí 6, 12
31%
Otakarova 6, 7, 19, 24
31%
Vršovické náměstí 4, 13, 22
31%
Drinopol 22, 25
30%
Klamovka 9, 10, 15, 16
30%
Nádraží Modřany 3, 17, 21
30%
Starý Hloubětín 8, 19, 25
30%
Vojenská nemocnice 1, 2
30%
Vozovna Motol 9, 10, 16
30%
Bulovka 3, 10, 24
29%
Dvorce 2, 3, 17, 21
29%
Hotel Golf 9, 10, 16
29%
Krematorium Strašnice 16, 19, 26
29%
Těšnov 14
29%
U Zvonu 9, 10, 15, 16
29%
Vozovna Strašnice 7, 19, 26
29%
Zvonařka 23
29%
Černý kůň 3, 17, 21
28%
Marjánka 22, 25
28%
Náměstí Olgy Scheinpflugové 4, 5
28%
Obchodní centrum Hostivař 22, 26
28%
Sídliště Červený Vrch 20, 26
28%
Staré Strašnice 22, 26
28%
Šumavská 10, 16
28%
Svatoplukova 7, 14, 18, 24
28%
Libeňský zámek 3, 10, 24
27%
Obora Hvězda 22, 25
27%
Orionka 10, 16
27%
Ostrčilovo náměstí 7, 14, 18, 24
27%
Park Maxe van der Stoela 25
27%
Poliklinika Barrandov 4, 5, 12, 20
27%
Hadovka 20, 26
26%
Kavalírka 9, 10, 15, 16
26%
K Barrandovu 4, 5, 12, 20
26%
Nuselská radnice 18, 19
26%
Špejchar
26%
Teplárna Michle 11, 14
26%
Větrník 1, 2
26%
Vinohradská tržnice 11, 13
26%
Vozovna Hloubětín 19
26%
Belárie 3, 17, 21
25%
Hostivařská 22, 26
25%
Královka 23
25%
Kublov 2, 3, 17, 21
25%
Michelská 11, 14
25%
Průběžná 7, 19, 22
25%
Slánská 9, 10, 16
25%
Arena Libeň jih 8, 25
24%
Ciolkovského 20, 26
24%
Kotorská 18, 19
24%
Nádraží Vysočany 6, 19
24%
Plynárna Michle 11, 14
24%
Poliklinika Modřany 3, 17, 21
24%
Sídliště Libuš 17
24%
Tusarova 1, 12, 14, 25
24%
Chmelnice 1, 9, 11
23%
Divadlo pod Palmovkou 3, 10, 24
23%
Modřanská rokle 3, 17, 21
23%
Nové Strašnice 7, 16
23%
Sibeliova 1, 2
23%
Sídliště Hloubětín 19, 25
23%
Škola Radlice 7, 21
23%
Horky 11, 14
22%
Modřanská škola 3, 17, 21
22%
Nový Hloubětín 19
22%
Ořechovka 1, 2
22%
Perunova 10, 16
22%
Planetárium Praha
22%
Sídliště Na Dědině 20, 26
22%
Sídliště Zahradní Město 22, 26
22%
U Kaštanu 22, 25
22%
Vinice 7, 16, 19, 26
22%
Blatiny 9, 10, 16
21%
Chodovská 11, 14
21%
Kněžská luka 1, 9, 11
21%
Křížová 7, 21
21%
Levského 3, 17, 21
21%
Nad Džbánem 20, 26
21%
Na Groši 22, 26
21%
Na Hroudě 22, 26
21%
Ocelářská 8, 25
21%
Palouček 18, 19
21%
Přístaviště 2, 3, 17, 21
21%
U Průhonu 6, 12
21%
Vinohradské hřbitovy 16, 19, 26
21%
Vlastina 20, 26
21%
Ke Stírce 3, 10, 17, 24
20%
Laurová 7, 21
20%
Na Pískách 20, 26
20%
Pod Karlovem 6, 11
20%
Radošovická 22, 26
20%
Čechova čtvrť 3, 17, 21
19%
Dubečská 22, 26
19%
Hlušičkova 9, 10, 16
19%
Observatoř Libuš 17
19%
Poliklinika Vysočany 6, 19
19%
Poštovka 9, 10, 16
19%
Strážní 1, 9, 11
19%
U Elektry 8, 25
19%
Braunova 7, 21
18%
Dlabačov
18%
Hercovka 17
18%
Hládkov 23
18%
Malý Břevnov 22, 25
18%
Nad Trojou 17
18%
Na Veselí 18
18%
Pobřežní cesta 2, 3, 17, 21
18%
Radhošťská 11, 13
18%
U Kříže 3, 10, 24
18%
Hasičská stanice Modřany 17
17%
Limuzská 7, 16
17%
Vosmíkových 3, 10, 24
17%
Březiněveská 3, 17, 24
16%
Malešická továrna 16
16%
Pod Jezerkou 11, 14
16%
Říčanova 22, 25
16%
Solidarita 7, 16
16%
Střelničná 10
16%
Vychovatelna 3, 10, 24
16%
Na Homoli 16
15%
Poštovská 19
15%
Špitálská 19
15%
Štěpničná 10
15%
U Libušského potoka 3, 17, 21
15%
Zborov - Strašnické divadlo 7, 16
15%
Kabešova 8, 25
14%
Podkovářská 8, 25
14%
Kyselova 10
13%
Nademlejnská 8, 25
13%
Třebenická 10
13%
Líbeznická 17, 24
12%
Okrouhlická 3, 10, 24
12%
No matching quizzes found
Score Distribution
Percent of People with Each Score
Percentile by Number Answered
Your Score History
You have not taken this quiz